02428nam a2200541Ia 4500001000400000008004100004010000800045041001400053082003400067245015300101260001800254300000700272520000700279630003100286630002900317630001600346630001800362650001800380690001400398700003800412700004700450901005600497902000600553903004600559904001800605905002700623906000600650907001400656908001400670909005100684910001500735911001000750912001400760913000900774914002500783915001900808916000900827917000900836918001400845919002800859520094400887921000601831922000601837923000601843924001401849942001001863999001301873920241029s9999 xx 000 0 und d a840 aEspañol aF.C.E. MA Tecn Educ. 2011 166 0aEficiencia y eficacia en la administración y supervisión del Liceo Politécnico Belisario Peguero Guerrero, Modalidad General, año 2009-2010. aSanto Domingo a59 a37 aAdministración Educativa aAdministración Escolar aEfectividad aSupervisión aSupervisión aElaborado easesoraJesùs, Encarnación  eautoraLantigua Mella, Yessenia Alexandra  a{"1":"Lantigua Mella"}b{"1":"Yessenia Alexandra "} a1 a{"1":"Jesùs"}b{"1":"Encarnación "} aMaestría en aTecnología Educativa a2 aNO APLICA aNO APLICA aUniversidad Autónoma de Santo Domingo (UASD) aNULLbNULL a["1"] aNO APLICA aNULL a01 de Agosto de 2011 a06/12/19 08:12 aNULL aNULL aNO APLICA a["10","11","219","187"] aEl objetivo principal de esta investigación es determinar el nivel de eficiencia y eficacia en la administración del Liceo Politécnico Belisario Peguero Guerrero, Modalidad General, año 2009-2010. Esta investigación fue enmarcada dentro de un diseño descriptivo donde se presentan y se describen las principales variables. La población objeto de estudio estuvo constituida por seiscientos cincuenta y dos (652) estudiantes pertenecientes la Modalidad General del Nivel Medio. De los cuales se escogió una muestra de doscientos cuarenta y dos (242) estudiantes.Los resultados arrojaron que el Liceo posee una estructura organizacional, que le permite responder la demanda de la población estudiantil que acude al Centro con el deseo de obtener el grado de bachiller. El estudio recomienda que se reelabore la ficha de supervisión que existe en el Centro. Adecuándolas al área de interés de los actores del Centro. a2 a2 a0 aNO APLICA cTesis c840d840